|
|
|
|
| LEADER |
00000cam a22000004a 4500 |
| 001 |
musev2_25402 |
| 003 |
MdBmJHUP |
| 005 |
20230905042713.0 |
| 006 |
m o d |
| 007 |
cr||||||||nn|n |
| 008 |
021202s2003 cau o 00 0 eng d |
| 010 |
|
|
|z 2021696423
|
| 020 |
|
|
|a 9780520929555
|
| 020 |
|
|
|z 9780520236509
|
| 035 |
|
|
|a (OCoLC)70772012
|
| 040 |
|
|
|a MdBmJHUP
|c MdBmJHUP
|
| 100 |
1 |
|
|a Haynes, Holly.
|
| 245 |
1 |
4 |
|a The History of Make-Believe :
|b Tacitus on Imperial Rome /
|c Holly Haynes.
|
| 264 |
|
1 |
|a Berkeley :
|b University of California Press,
|c 2003.
|
| 264 |
|
3 |
|a Baltimore, Md. :
|b Project MUSE,
|c 2014
|
| 264 |
|
4 |
|c ©2003.
|
| 300 |
|
|
|a 1 online resource (242 pages).
|
| 336 |
|
|
|a text
|b txt
|2 rdacontent
|
| 337 |
|
|
|a computer
|b c
|2 rdamedia
|
| 338 |
|
|
|a online resource
|b cr
|2 rdacarrier
|
| 490 |
0 |
|
|a The Joan Palevsky imprint in classical literature
|
| 505 |
0 |
|
|a Acknowledgments; Introduction: Belief and Make-Believe; 1. An Anatomy of Make-Believe; 2. Nero: The Specter of Civil War; 3. Power and Simulacra: The Emperor Vitellius; 4. Vespasian: The Emperor Who Succeeded; 5. A Civil Disturbance: The Batavian Revolts; Conclusion; Notes; References; Index.
|
| 520 |
|
|
|a A theoretically sophisticated reading of Tacitus, especially the "Histories", this work points to a fresh understanding of the logic of Roman rule during the early Empire. It argues that Tacitus writes about the imaginary picture that imperial society makes of concrete conditions of existence.
|
| 588 |
|
|
|a Description based on print version record.
|
| 600 |
1 |
7 |
|a Tacitus, Cornelius.
|2 swd
|
| 600 |
1 |
7 |
|a Tacitus, Publius C.; Historiae
|x Erzähltechnik
|x Geschichtsschreibung.
|2 idszbz
|
| 600 |
1 |
7 |
|a Tacitus, Publius Cornelius.
|2 idsbb
|
| 600 |
1 |
0 |
|a Tacitus, Cornelius.
|t Historiae.
|
| 651 |
|
7 |
|a Rome (Empire)
|2 fast
|0 (OCoLC)fst01204885
|
| 651 |
|
6 |
|a Rome
|x Histoire
|y 68-69 (Guerre civile)
|x Historiographie.
|
| 651 |
|
6 |
|a Rome
|x Histoire
|y 69-96 (Flaviens)
|x Historiographie.
|
| 651 |
|
0 |
|a Rome
|x History
|y Civil War, 68-69
|x Historiography.
|
| 651 |
|
0 |
|a Rome
|x History
|y Flavians, 69-96
|x Historiography.
|
| 650 |
|
7 |
|a History & Archaeology.
|2 hilcc
|
| 650 |
|
7 |
|a Regions & Countries - Europe.
|2 hilcc
|
| 650 |
|
7 |
|a Italy.
|2 hilcc
|
| 650 |
1 |
7 |
|a Historiae (Tacitus)
|2 gtt
|
| 650 |
1 |
7 |
|a Werkelijkheid.
|2 gtt
|
| 650 |
1 |
7 |
|a Constructivisme.
|2 gtt
|
| 650 |
1 |
7 |
|a Geschiedbeschouwing.
|2 gtt
|
| 650 |
1 |
7 |
|a Latijn.
|2 gtt
|
| 650 |
1 |
7 |
|a Didactisch proza.
|2 gtt
|
| 650 |
|
7 |
|a Objektivität
|2 gnd
|
| 650 |
|
7 |
|a Historiography.
|2 fast
|0 (OCoLC)fst00958221
|
| 650 |
|
7 |
|a HISTORY
|x Ancient
|x General.
|2 bisacsh
|
| 650 |
|
7 |
|a HISTORY
|x Ancient
|z Rome.
|2 bisacsh
|
| 630 |
0 |
7 |
|a Historiae.
|2 swd
|
| 630 |
0 |
7 |
|a Historiae (Tacitus, Cornelius)
|2 fast
|0 (OCoLC)fst01356331
|
| 655 |
|
7 |
|a History
|2 fast
|0 (OCoLC)fst01411628
|
| 655 |
|
7 |
|a Electronic books.
|2 local
|
| 710 |
2 |
|
|a Project Muse.
|e distributor
|
| 830 |
|
0 |
|a Book collections on Project MUSE.
|
| 856 |
4 |
0 |
|z Texto completo
|u https://projectmuse.uam.elogim.com/book/25402/
|
| 945 |
|
|
|a Project MUSE - Custom Collection
|
| 945 |
|
|
|a Project MUSE - Archive Complete Supplement II
|
| 945 |
|
|
|a Project MUSE - Archive History Supplement II
|